Seven (feat. Latto) - Jungkook BTS (all Lyrics) - Statistics

General Stats
  • This quiz has been taken 426 times
  • The average score is 374 of 466
Answer Stats
Answer % Correct
we
98%
a
97%
you
97%
You
97%
I
96%
Monday
96%
Seven
96%
seven
96%
why
95%
day
94%
Friday
94%
Tuesday
94%
Wednesday
94%
be
93%
Saturday
93%
sun
93%
Thursday
93%
the
92%
week
92%
right
91%
your
91%
days
89%
and
88%
And
88%
I'll
88%
know
88%
lovin'
88%
lovin
88%
me
88%
on
88%
night
87%
of
87%
Every
86%
every
86%
hour
86%
in
86%
minute
86%
Sunday
86%
second
85%
after
84%
that
84%
to
84%
world
84%
shoulders
83%
it
82%
can
81%
mind
81%
way
81%
life
79%
take
79%
Take
79%
It's
78%
ride
78%
time
78%
Weight
78%
when
78%
another
77%
give
76%
kiss
76%
must
76%
ease
75%
is
75%
ocean
75%
that's
75%
what
75%
What
75%
love
74%
around
73%
my
73%
Show
73%
So
72%
waist
72%
ya
72%
Deeper
71%
than
71%
I'm
70%
jump
70%
All
69%
devotion
69%
Think
69%
think
69%
wrap
69%
off
68%
hands
67%
met
66%
break
64%
leave
64%
Leave
64%
slow
63%
up
62%
with
62%
afterglow
60%
favored
59%
fuck
59%
trace
58%
let
57%
lines
57%
offering
57%
come
56%
Come
56%
like
56%
make
56%
say
56%
Open
54%
camera
53%
back
52%
fantasy
52%
feel
52%
Cha
51%
hit
51%
Hit
51%
roll
51%
sheets
51%
different
50%
weekends
50%
baby
49%
for
49%
pride
49%
angles
48%
Slide
48%
cheatin'
47%
control
47%
He
47%
put
47%
swallow
47%
about
46%
never
45%
sleep
44%
at
43%
door
43%
him
42%
no
42%
phone
42%
Wind
42%
clothes
41%
Got
39%
soul
39%
them
39%
goals
38%
let's
38%
better
37%
vibe
37%
ahhh
36%
I'mma
34%
match
34%
work
33%
both
32%
Going
32%
his
32%
skipping
32%
Tightly
32%
feet
31%
here
30%
meetings
29%
getting
27%
wating
4%
nda
3%
aint'n
0%
No matching quizzes found
Score Distribution
Percent of People with Each Score
Percentile by Number Answered
Your Score History
You have not taken this quiz